000 00520nmm a2200169Ia 4500
008 251105s9999||||xx |||||||||||||||||und||
020 _a8470309838
041 _aspa
100 _aLeibniz, Gottfried Wilhelm , Freiherr von
245 0 _aMonadología :
_b Principios de Filosofía
264 _a[Madrid, España] :
_bBiblioteca Nueva,
_c2001
300 _a144 páginas
490 _aClásicos del pensamiento
650 _aPhilosophy, Ethics
856 _uhttps://public.digitaliapublishing.com/a/4835
942 _cCF
999 _c73259
_d73259